Flipped approach to higher education: Designing universities for today's knowledge economics and societies (Record no. 1398589)

MARC details
000 -LEADER
fixed length control field 00773nam a2200229Ia 4500
005 - DATE AND TIME OF LATEST TRANSACTION
control field 20250508170008.0
008 - FIXED-LENGTH DATA ELEMENTS--GENERAL INFORMATION
fixed length control field 008 250505s9999 xx 000 0 eng d
020 ## - INTERNATIONAL STANDARD BOOK NUMBER
International Standard Book Number 978-93-528-0612-6
037 ## - SOURCE OF ACQUISITION
Stock number Reference
040 ## - CATALOGING SOURCE
Original cataloging agency FEDL
Language of cataloging eng
Transcribing agency FEDL
041 ## - LANGUAGE CODE
Language code of text/sound track or separate title eng
Source of code eng
084 ## - COLON CLASSIFICATION NUMBER
Classification number 378.1, SAH/RR
Assigning agency FEDL
100 ## - MAIN ENTRY--PERSONAL NAME
Personal name Sahin Muhammed
9 (RLIN) 782637
245 #0 - TITLE STATEMENT
Title Flipped approach to higher education: Designing universities for today's knowledge economics and societies
260 ## - PUBLICATION, DISTRIBUTION, ETC.
Place of publication, distribution, etc. Bingley, UK
Name of publisher, distributor, etc. Emerald Group Publishing Limited
Date of publication, distribution, etc. 2016
300 ## - PHYSICAL DESCRIPTION
Extent xxiv, 229p.
365 ## - TRADE PRICE
Price type code GBP
Price amount 67.99
490 ## - SERIES STATEMENT
Series statement Innovation, Technology and education for Growth
700 ## - ADDED ENTRY--PERSONAL NAME
Personal name Kurban Caroline Fell
9 (RLIN) 782638
942 ## - ADDED ENTRY ELEMENTS (KOHA)
Koha item type Reference
Classification part 378.1, SAH/RR
Holdings
Withdrawn status Lost status Damaged status Not for loan Home library Current library Date acquired Cost, normal purchase price Total Checkouts Full call number Barcode Date last seen Price effective from Koha item type
        Department of Education Library Department of Education Library 2025-05-08 67.99   378.1, SAH/RR EL0092251 2025-05-08 2025-05-08 Reference
Copyright @ Delhi University Library System